Procesné problémy rozhodovania súdov v Slovenskej republike
Problém nerozhodnutých obchodných sporov na súdoch v SR po r.1991. Prechod arbitráže do systému súdnictva. Prejednávanie a rozhodovanie obchodných sporov podľa Občianskeho súdneho poriadku. Problémy s aplikáciou niektorých ustanovení Občianskeho súdneho poriadku v praxi. Právne vzťahy medzi žalobcam...
Salvato in:
| Autore principale: | |
|---|---|
| Natura: | Capitolo di libro |
| Lingua: | slovacco |
| Soggetti: | |
| Tags: |
Nessun Tag, puoi essere il primo ad aggiungerne!!
|
MARC
| LEADER | 00000naa a2200000 4500 | ||
|---|---|---|---|
| 001 | r019683 | ||
| 005 | 20230728074042.8 | ||
| 041 | 0 | |a slo | |
| 044 | |a SK | ||
| 245 | 1 | 0 | |a Procesné problémy rozhodovania súdov v Slovenskej republike |c V. Hríb |
| 520 | |a Problém nerozhodnutých obchodných sporov na súdoch v SR po r.1991. Prechod arbitráže do systému súdnictva. Prejednávanie a rozhodovanie obchodných sporov podľa Občianskeho súdneho poriadku. Problémy s aplikáciou niektorých ustanovení Občianskeho súdneho poriadku v praxi. Právne vzťahy medzi žalobcami a súdom. Rozhodovanie súdov v prípade sporov z právnych vzťahov medzi spoločnosťami a spoločníkmi. Spor o súdne trovy. | ||
| 610 | 2 | 0 | |a poriadok súdny občiansky |
| 610 | 2 | 0 | |a konanie súdne občianske |
| 610 | 2 | 0 | |a zákonník obchodný |
| 610 | 2 | 0 | |a osoby právnické |
| 610 | 2 | 0 | |a osoby fyzické |
| 610 | 2 | 0 | |a spoločnosti obchodné |
| 610 | 2 | 0 | |a súdnictvo |
| 610 | 2 | 0 | |a vzťahy zmluvné |
| 610 | 2 | 0 | |a arbitráž |
| 610 | 2 | 0 | |a spory súdne |
| 610 | 2 | 0 | |a Slovensko |
| 100 | 1 | |a Hríb, V. | |